Niemieckie nazwy dzielnic i części Gdańska - Statystyki

Ogólne statystyki
  • Ten quiz został rozwiązany 88 razy
  • Średni wynik to 18 z 39
Statystyki odpowiedzi
Niemiecka nazwa Polska nazwa % Poprawnych
Oliva Oliwa
91%
Kokoschken Kokoszki
89%
Saspe Zaspa
80%
Mattern Matarnia
78%
Karczemken Karczemki
77%
Aller Engel Aniołki
73%
Brentau Brętowo
73%
Kelpin Kiełpino
70%
Altstadt Stare Miasto
69%
Neufahrwasser Nowy Port
64%
Ohra Orunia
63%
Brösen Brzeźno
58%
Niederstadt Dolne Miasto
55%
Langfuhr Wrzeszcz
55%
Müggau Migowo
53%
Pietzkendorf Piecki
53%
Sankt Albrecht Święty Wojciech
50%
Schidlitz Siedlce
48%
Glettkau Jelitkowo
42%
Lauenthal Letnica
41%
Matzkau Maćkowy
38%
Heubude Stogi
38%
Zigankenberg Suchanino
36%
Strieß Strzyża
34%
Bissau Bysewo
33%
Troyl Przeróbka
33%
Weichselmünde Wisłoujście
31%
Schellmühl Młyniska
30%
Espenkrug Osowa
30%
Stolzenberg Chełm
28%
Nenkau Jasień
27%
Schüddelkau Szadółki
27%
Wonneberg Ujeścisko
27%
Poggenkrug Żabianka
22%
Bürgerwiesen Rudniki
20%
Schönfeld Łostowice
19%
Bohnsack Sobieszewo
17%
Walddorf Olszynka
16%
Guteherberge Lipce
14%
Nie znaleziono quizów pasujących do podanych kryteriów
Rozkład punktacji
Procent ludzi z każdym wynikiem
Percentyl według liczby udzielonych odpowiedzi
Twoja historia wyników
Nie rozwiązałeś tego quizu